|
|
|
|
| LEADER |
00000cam a2200000 i 4500 |
| 001 |
1/93557 |
| 008 |
080910s1977 cy | ||| |||| ||gre|| |
| 035 |
|
|
|l 10100029
|
| 040 |
|
|
|a GR-MY-UA
|b gre
|e aacr
|
| 041 |
0 |
|
|a gre
|
| 082 |
7 |
|
|a 938.9304
|2 (22)
|
| 245 |
0 |
0 |
|a Τελευταία ομιλία και δημοσιογραφική διάσκεψη του Προέδρου Μακαρίου.
|
| 260 |
|
|
|a [Λευκωσία] :
|b [χ.ό.],
|c [1977].
|
| 300 |
|
|
|a 16 σ. :
|b φωτ. ;
|c 24 εκ.
|
| 500 |
|
|
|a Η καταλογογράφηση έγινε με βάση το εξώφυλλο.
|
| 600 |
0 |
0 |
|a Μακάριος
|b Γ',
|c Αρχιεπίσκοπος Κύπρου,
|d 1913-1977.
|
| 651 |
|
0 |
|a Cyprus
|x History
|y Cyprus Crisis, 1974-
|
| 651 |
|
0 |
|a Cyprus
|x History
|y 20th century.
|
| 710 |
1 |
|
|a Κύπρος.
|b Γραφείο Δημοσίων Πληροφοριών.
|
| 852 |
|
|
|a INST
|b RHODES
|c AKA
|e 20080910
|h 956.9304 ΤΕΛ
|p 005400028489
|q 005400028489
|t BK
|y 0
|
| 852 |
|
|
|a INST
|b RHODES
|c AKA
|e 20220516
|h 956.9304 ΤΕΛ
|p 005400042806
|q 005400042806
|t BK
|y 0
|
| 901 |
|
|
|a BIBL4-2008-3
|
| 909 |
|
|
|a Ρ
|b 152885
|
| 970 |
|
|
|a ΧΑΡΙΟΠΟΛΙΤΟΥ
|b ΚΩΝΣΤΑΝΤΙΝΑ
|z 2008/09/10
|